• 首页
  • 本馆介绍
  • 公告通知
  • 最新文献
  • 馆藏检索
  • 电子资源
  • 读者导购
  • 参考咨询
  • 我的图书馆
  • 登录
  • 详细信息显示
  • 放入我的书架
  • 预约/预借图书
  • 作者相关作品
  • 分类相关作品
  • 丛书相关作品
  • 出版社相关作品

书目信息

  • 表格格式
  • 工作单格式
  • 卡片格式
题名:
化工反应原理与设备
    
 
作者: 杨西萍 , 李倩 主编
分册:  
出版信息: 北京   化学工业出版社  2016.10
页数: 251页
开本: 26cm
丛书名:
单 册:
中图分类: TQ03 , TQ052
科图分类:
主题词: 化学反应工程--高等职业教育--教材 , 化学反应工程--化工设备--高等职业教育--教材
电子资源:
ISBN: 978-7-122-24417-8
000 01125nam0 2200289 450
001 0400003048
005 20171026092513.04
010    @a978-7-122-24417-8@dCNY33.00
100    @a20151101d2015 em y0chiy50 ea
101 0  @achi
102    @aCN@b110000
105    @ay z 000yy
106    @ar
200 1  @a化工反应原理与设备@9hua gong fan ying yuan li yu she bei@f杨西萍,李倩主编
205    @a第2版
210    @a北京@c化学工业出版社@d2016.10
215    @a251页@d26cm
300    @a“十二五”职业教育国家规划教材 高职高专教材 中国石油和化学工业优秀出版物奖(教材类)一等奖
330    @a本书共分为七个模块。介绍了化学反应器的基础知识,釜式反应器、管式反应器、固定床反应器、流化床反应器、气液相反应器的特点、结构、工业应用、设计选型以及日常运行和操作,对其他反应器也做了简要介绍。各模块后均附有知识点归纳和自测练习。
606 0  @a化学反应工程@x高等职业教育@j教材
606 0  @a化学反应工程@x化工设备@x高等职业教育@j教材
690    @aTQ03@v5
690    @aTQ052@v5
701  0 @a杨西萍@9yang xi ping@4主编
701  0 @a李倩@9li qian@4主编
801  0 @aCN@b91MARC@c20171021
905    @b1033200-4@dTQ03@f5@e416=2
    
    化工反应原理与设备/杨西萍,李倩主编.-第2版.-北京:化学工业出版社,2016.10
    251页;26cm
    “十二五”职业教育国家规划教材 高职高专教材 中国石油和化学工业优秀出版物奖(教材类)一等奖
    
    ISBN 978-7-122-24417-8:CNY33.00
    本书共分为七个模块。介绍了化学反应器的基础知识,釜式反应器、管式反应器、固定床反应器、流化床反应器、气液相反应器的特点、结构、工业应用、设计选型以及日常运行和操作,对其他反应器也做了简要介绍。各模块后均附有知识点归纳和自测练习。
●
相关链接 在E读中查询图书 在五车中查询图书 在当当中查询图书 在豆瓣中查询图书


正题名:化工反应原理与设备     索取号:TQ03/416=2         预约/预借

序号 登录号 条形码 馆藏地/架位号 状态 备注
1 1033200   210332004   第二样本阅览室/ [索取号:TQ03/416=2] 在馆    
2 1033201   210332013   密集书库-化学系/ [索取号:TQ03/416=2] 在馆    
3 1033202   210332022   第三借阅区/ [索取号:TQ03/416=2] 在馆    
4 1033203   210332031   第三借阅区/ [索取号:TQ03/416=2] 在馆    
5 1033204   210332040   第三借阅区/ [索取号:TQ03/416=2] 在馆    
唐山师范学院图书馆 欢迎您!
大连网信软件有限公司© 版权所有